000 00239nam a2200097Ia 4500
001 924417
005 20250826191521.0
008 250824s9999 xx 000 0 und d
245 0 _aBABALAR VE OĞULLAR
_cTURGENYEV
260 _bANONİM YAYINLARI
999 _c924417
_d924417